000 01225nam a2200313 i 4500
003 EG-GICUC
005 20260403182536.0
008 260403s2000 ua ||||fr|||| 00| 0 ara d
040 _a EG-GICUC
_bara
_c EG-GICUC
_d EG-GICUC
_erda
041 _aara
082 0 4 _221
_a341.8
_bم ح . ن
092 0 4 _221
099 _aLaw1 12 341.8 م ح . ن 2000
100 1 _aمحمد حمدى محمد بهنسى
_eمؤلف.
245 _aالنظام العام و البعد الاحتماعى للقوانين الوطنية فى مجال القانون الدولى الخاص /
_cمحمد حمدى محمد بهنسى .
264 _aالشرقية :
_bجامعة الزقازيق ,
_c2000 .
300 _a332 ؛ صفحة
_c24 سم
336 _2rda content
_atext
337 _2rda media
_aComputer
338 _2rda carrier
_aOnline Resource
490 _aالمجلة القانونية الاقتصادية
_vNo. 12
504 _a. 229-232 ببليوجرافيا: صفحات.
546 _aالنص باللغة العربية
650 1 _aالقانون الدولى الخاص
651 1 _2qrmak
856 4 0 _uhttps://fll.law.cu.edu.eg/fulltext/bks/B12-02963.pdf
905 _a60
942 _2ddc
_cBK
_e21
_n0
999 _c68543
_d68543